000 00719nam a2200289Ia 4500
005 20260324130322.0
008 008 260324s9999 xx 000 0 eng d
020 _a9780203964750
037 _aEBOOK
040 _aCRL
040 _beng
040 _cCRL
041 _2eng
041 _aeng
084 _qCRL
100 _aRobert Bedeski
_91181321
245 0 _aHuman Security and the Chinese State
245 0 _bHistorical Transformations and the Modern Quest for Sovereignty
260 _bTaylor and Francis
260 _c2007
365 _a
365 _b240
856 _uhttp://www.taylorfrancis.com/books/9780203964750
942 _cEBOOK
999 _c1777396
_d1777396